Statistiques concernant Pays par frontières dans 30 secondes

Cliquez ici pour prendre le quiz!

Statistiques générales

  • Ce quiz a été pris 486 fois
  • Le résultat moyen est 80 sur 159

Réponses sur la Carte

Les réponses sont colorées sur une échelle allant du rouge au vert en fonction du pourcentage des utilisateurs qui les ont devinées à leur premier essai. Vous pouvez retrouver ces pourcentages ci-dessous.
Chargement ...
 

Statistiques - réponses

Country% Correct
France
95%
Brésil
94%
Kazakhstan
93%
Russie
93%
Chine
93%
Mongolie
91%
Corée du Nord
91%
Suriname
91%
Pologne
90%
Allemagne
90%
Pakistan
89%
Azerbaïdjan
85%
Bhoutan
85%
Myanmar
85%
Inde
85%
Népal
85%
Ukraine
85%
Biélorussie
84%
Suisse
84%
Argentine
83%
Bolivie
83%
République
Centrafricaine
82%
Algérie
82%
Géorgie
82%
Libye
81%
Lituanie
81%
Norvège
81%
Niger
81%
Finlande
81%
Etats-Unis
80%
Estonie
80%
Mali
80%
Rép dém du Congo
80%
Lettonie
80%
Paraguay
80%
Mexique
79%
Soudan du Sud
78%
Luxembourg
78%
Belgique
78%
Pays-Bas
78%
République
du Congo
78%
Pérou
77%
Afghanistan
76%
Zambie
76%
Canada
76%
Espagne
75%
Italie
75%
Cameroun
74%
Andorre
74%
Angola
74%
Mauritanie
74%
Uruguay
73%
Tanzanie
73%
Ouganda
71%
Rwanda
70%
Colombie
70%
Burundi
69%
Monaco
66%
Soudan
66%
Tchad
65%
Venezuela
65%
Sint Maarten
65%
Maroc
64%
Laos
64%
Guyana
64%
Viêt Nam
63%
Gabon
63%
Botswana
62%
Namibie
61%
Zimbabwe
61%
Tadjikistan
59%
Afrique du Sud
59%
Kirghizistan
58%
Irak
58%
Turquie
56%
Mozambique
56%
Tunisie
54%
Arabie Saoudite
52%
Iran
51%
Lesotho
50%
Swaziland
50%
Sri Lanka
48%
Bangladesh
48%
Jordanie
48%
Burkina Faso
47%
Autriche
47%
Koweït
46%
Chili
46%
Bulgarie
45%
Oman
45%
Éthiopie
45%
Yémen
44%
Arménie
43%
Émirats arabes unis
42%
Nigeria
42%
Égypte
41%
Turkménistan
40%
Qatar
40%
Tchéquie
39%
Macédoine
39%
Hongrie
37%
Roumanie
36%
Érythrée
35%
Serbie
34%
Danemark
33%
Côte d'Ivoire
31%
Grèce
31%
Bénin
30%
Sénégal
30%
Slovénie
30%
Guinée
27%
Croatie
27%
Guatemala
26%
Kenya
26%
Somalie
24%
Slovaquie
24%
Monténégro
24%
Malaisie
24%
Albanie
24%
Syrie
23%
Bosnie-Herzégovine
23%
Djibouti
22%
Kosovo
22%
Indonésie
21%
Belize
20%
Vatican
20%
Saint-Marin
20%
Ghana
19%
Israël
19%
Thaïlande
18%
Togo
18%
Portugal
17%
Équateur
17%
Cambodge
16%
Papouasie-
Nouvelle-Guinée
16%
Timor-Leste
15%
Costa Rica
15%
Honduras
14%
Palestine
14%
Panama
14%
Nicaragua
14%
Moldavie
14%
Suède
14%
Salvador
12%
Liechtenstein
12%
Royaume-Uni
10%
Malawi
10%
Irlande
10%
Brunei
8%
Ouzbékistan
7%
Guinée-Bissau
6%
Haïti
6%
République
dominicaine
6%
Liban
6%
Guinée équatoriale
5%
Corée du Sud
5%
Liberia
5%
Gambie
4%
Sierra Leone
3%

Distribution des résultats

Percentile par nombre de réponses

% des personnes avec chaque résultat

Votre développement - résultats

Vous n’avez pas pris ce quiz